书目信息 |
| 题名: |
绘图白话人文易经
|
|
| 作者: | 杨复 | |
| 分册: | ||
| 出版信息: | 1995.02 |
|
| 页数: | 246页 | |
| 开本: | 19cm | |
| 丛书名: | ||
| 单 册: | ||
| 中图分类: | B94 | |
| 科图分类: | ||
| 主题词: | 佛教 | |
| 电子资源: | ||
| ISBN: | ||
| 000 | 00473nam0 2200193 45 | |
| 001 | 0308271036 | |
| 005 | 20030827105612.5 | |
| 010 | @dRMB11.00 | |
| 100 | @a20030827d1995 km y0chiy0120 ea | |
| 101 | @achi | |
| 105 | @a z 000yy | |
| 200 | 1 | @a绘图白话人文易经@Ahui tu bai hua ren wen yi jing@f杨复@Fyang fu |
| 210 | @d1995.02 | |
| 215 | @a246页@c无图表@d19cm | |
| 606 | 0 | @a佛教 |
| 690 | @aB94@v3 | |
| 701 | 0 | @a杨复 |
| 801 | @aCN@b@c20030827 | |
| 905 | @aBZT@dB94@e18 | |
| 绘图白话人文易经/杨复.-1995.02 |
| 246页:无图表;19cm |
| ISBN :RMB11.00 |
| ● |
| 相关链接 |
|
|
|
正题名:绘图白话人文易经
索取号:B94/18
 
预约/预借
| 序号 | 登录号 | 条形码 | 馆藏地/架位号 | 状态 | 备注 |
| 1 | 76718 | 200490851 | 中心书库南/007架B面6层3列/ [索取号:B94/18] | 在馆 | |
| 2 | 76719 | 200490842 | 中心书库南/007架B面6层3列/ [索取号:B94/18] | 在馆 | |
| 3 | 76720 | 200490860 | 中心书库南/007架B面6层3列/ [索取号:B94/18] | 在馆 |